| 000 | 00561nam a22001337a 4500 | ||
|---|---|---|---|
| 999 |
_c129215 _d129215 |
||
| 005 | 20221024111357.0 | ||
| 008 | 221024b ||||| |||| 00| 0 eng d | ||
| 040 | _cPK-LaUMT | ||
| 082 |
_aAPC 297.4092 _bHAZ- |
||
| 245 |
_aHazrat Khawaja Mir Durd Dehlavi = حضرت خواجہ میر درد دہلوی : _baik nabgah naqashbandi buzurg = ایک نابغہ نقشبندی بزرگ / _ccompiled by Sardar Ali Ahmad Khan = مرتب: سردار علی احمد خاں |
||
| 260 |
_aLahore : _bAnjuman Bahbood Ziareen Pakistan, _cNA |
||
| 300 | _a127 p. | ||
| 942 | _cBK | ||